000 00385nam a2200145Ia 4500
008 230519s9999 xx 000 0 und d
020 _a978-93-5465-453-4
041 _aeng
082 _aEN/420/BAN/DB0943
100 _aBandana
_9180188
245 _aCommunicative English for BSc Nursing
260 _bJaypee Brothers
_aNew Delhi
_c2022
300 _a176p
999 _c159529
_d159529